00285nam a2200121Ia 4500008004100000082001800041100001700059245003200076250000800108260002400116300001000140650001300150150201s2006 xx 000 0 und d a616.462bP06K aKENNEDY, LEE aPROBLEM SOLVING IN DIABETES a1ST bJAYPEEaDELHIc2006 a1-237 aDIABETES